| 000 | 00320 a2200121 4500 | ||
|---|---|---|---|
| 001 | 57192 | ||
| 082 | _a621.3821 LEO | ||
| 090 |
_c35119 _d35119 |
||
| 100 | _aLeon-Garcia, A | ||
| 245 | _aCommunication networks ; fundamental concepts and key architecture | ||
| 260 |
_aNY _bMcGraw-Hill _c2003 |
||
| 300 | _axxiii,867p | ||
| 942 |
_aNUST-CAE _k621.3821 LEO |
||
| 999 |
_c292265 _d292265 |
||